[Event "Verbandsliga Suedbaden 2223"]
[Site "Germany"]
[Date "2023.01.22"]
[Round "5.6"]
[White "Groehn, Andreas"]
[Black "Weidemann, Joerg"]
[Result "1/2-1/2"]
[WhiteElo "2097"]
[BlackElo "2288"]
[PlyCount "49"]
[EventDate "2022.09.25"]
[EventType "team-tourn"]
[EventRounds "9"]
[EventCountry "GER"]
[SourceTitle "EXT 2024"]
[Source "ChessBase"]
[SourceDate "2023.10.10"]
[SourceVersion "1"]
[SourceVersionDate "2023.10.10"]
[SourceQuality "1"]
[WhiteTeam "Dreisamtal"]
[BlackTeam "Emmendingen"]
[WhiteTeamCountry "GER"]
[BlackTeamCountry "GER"]

1. d4 Nf6 2. Bf4 e6 3. e3 d5 4. Nd2 Bd6 5. Ngf3 Bxf4 6. exf4 0-0 7. Bd3 c5 8. dxc5 Qa5 9. 0-0 Qxc5 10. c3 Qc7 11. Ne5 b6 12. Qe2 Bb7 13. Rfe1 Nbd7 14. Nxd7 Qxd7 15. Nf3 Qc7 16. Qd2 Rad8 17. Nd4 Rfe8 18. g3 a6 19. Re2 Ne4 20. Qc2 h6 21. Rae1 Nc5 22. Qd2 Ne4 23. Qc2 Nc5 24. Qd2 Ne4 25. Qc2 1/2-1/2

[Event "Verbandsliga Suedbaden 2223"]
[Site "Germany"]
[Date "2022.12.04"]
[Round "4.2"]
[White "Weidemann, Joerg"]
[Black "Fruehe, Norbert"]
[Result "1-0"]
[WhiteElo "2288"]
[BlackElo "1922"]
[PlyCount "79"]
[EventDate "2022.09.25"]
[EventType "team-tourn"]
[EventRounds "9"]
[EventCountry "GER"]
[SourceTitle "EXT 2024"]
[Source "ChessBase"]
[SourceDate "2023.10.10"]
[SourceVersion "1"]
[SourceVersionDate "2023.10.10"]
[SourceQuality "1"]
[WhiteTeam "Emmendingen"]
[BlackTeam "Hoerden"]
[WhiteTeamCountry "GER"]
[BlackTeamCountry "GER"]

1. e4 e5 2. Nc3 Nc6 3. g3 Bc5 4. Bg2 d6 5. d3 a6 6. Nge2 f5 7. Nd5 fxe4 8. dxe4 Nf6 9. Be3 Bxe3 10. Nxe3 0-0 11. 0-0 Qe8 12. f4 Ng4 13. Nd5 Qh5 14. h3 Nf6 15. f5 Nxd5 16. Qxd5+ Kh8 17. Qd2 Bd7 18. g4 Qf7 19. Kh2 Ne7 20. Ng3 Rad8 21. b3 Bc6 22. c4 b6 23. g5 a5 24. a4 Bb7 25. Bf3 Nc6 26. Bh5 Qd7 27. Ra2 Nd4 28. Qe3 c6 29. Raf2 c5 30. f6 g6 31. Bg4 Qf7 32. h4 Bc8 33. Bxc8 Rxc8 34. Kg1 Ne6 35. Ne2 Qd7 36. Rh2 Rf7 37. Rf3 Nd4 38. Rg3 Rcf8 39. h5 Ne6 40. hxg6 1-0

[Event "Oberliga Baden 2122"]
[Site "Germany"]
[Date "2022.05.01"]
[Round "4.1"]
[White "Weidemann, Joerg"]
[Black "Rogic, Davor"]
[Result "0-1"]
[WhiteElo "2317"]
[BlackElo "2453"]
[PlyCount "100"]
[EventDate "2021.10.10"]
[EventType "team-tourn"]
[EventRounds "11"]
[EventCountry "GER"]
[SourceTitle "EXT 2023"]
[Source "ChessBase"]
[SourceDate "2022.10.05"]
[SourceVersion "1"]
[SourceVersionDate "2022.10.05"]
[SourceQuality "1"]
[WhiteTeam "Emmendingen"]
[BlackTeam "Untergrombach"]
[WhiteTeamCountry "GER"]
[BlackTeamCountry "GER"]

1. e4 e5 2. Nf3 Nc6 3. Bb5 a6 4. Ba4 Nf6 5. 0-0 Be7 6. Re1 b5 7. Bb3 d6 8. c3 0-0 9. h3 Bb7 10. d3 Na5 11. Bc2 c5 12. Nbd2 Re8 13. Nf1 h6 14. Ng3 Bf8 15. Nf5 d5 16. Qe2 Qd7 17. Nh2 Rad8 18. Ng4 Re6 19. a4 b4 20. Qf3 Nxg4 21. hxg4 b3 22. Bd1 Bc6 23. g5 hxg5 24. Bxg5 Rde8 25. Qh3 c4 26. exd5 Bxd5 27. dxc4 Nxc4 28. Bxb3 Qb7 29. Bc2 Rg6 30. Qh5 Qxb2 31. Rac1 e4 32. Be7 e3 33. Nxe3 Nxe3 34. Bxg6 fxg6 35. Qxg6 Rxe7 36. fxe3 Rxe3 37. Qg5 Rxe1+ 38. Rxe1 Qb6+ 39. Kh1 Qc6 40. Rd1 Bb3 41. Rd8 Qxc3 42. Qe7 Qa1+ 43. Kh2 Qf6 44. Qxf6 gxf6 45. Rb8 Bxa4 46. Rb6 a5 47. Rxf6 Bb3 48. Kg3 a4 49. Rg6+ Kh7 50. Rb6 Bd5 0-1

[Event "Oberliga Baden 2122"]
[Site "Germany"]
[Date "2022.04.10"]
[Round "11.5"]
[White "Gasthofer, Viktor"]
[Black "Weidemann, Joerg"]
[Result "1/2-1/2"]
[WhiteElo "2303"]
[BlackElo "2317"]
[PlyCount "56"]
[EventDate "2021.10.10"]
[EventType "team-tourn"]
[EventRounds "11"]
[EventCountry "GER"]
[SourceTitle "EXT 2023"]
[Source "ChessBase"]
[SourceDate "2022.10.05"]
[SourceVersion "1"]
[SourceVersionDate "2022.10.05"]
[SourceQuality "1"]
[WhiteTeam "Bad Mergentheim"]
[BlackTeam "Emmendingen"]
[WhiteTeamCountry "GER"]
[BlackTeamCountry "GER"]

1. c4 Nf6 2. Nc3 c5 3. Nf3 Nc6 4. d4 cxd4 5. Nxd4 g6 6. e4 Nxd4 7. Qxd4 d6 8. Be2 Bg7 9. Be3 0-0 10. Qd2 Be6 11. Rc1 Qa5 12. f3 Rfc8 13. b3 a6 14. Na4 Qxd2+ 15. Kxd2 Nd7 16. g4 Rf8 17. h3 f5 18. exf5 gxf5 19. f4 Nf6 20. Rhg1 Rad8 21. Ke1 Ne4 22. Bd3 Nc5 23. Nxc5 dxc5 24. Bxf5 Bxf5 25. gxf5 Rxf5 26. Rd1 Rxd1+ 27. Kxd1 Rh5 28. Rg3 Kf7 1/2-1/2

[Event "Bodensee-Cup"]
[Site "Ueberlingen/Nussdorf"]
[Date "2021.10.15"]
[Round "1.6"]
[White "Wisnet, Dominic"]
[Black "Weidemann, Joerg"]
[Result "1-0"]
[WhiteElo "2324"]
[BlackElo "2313"]
[PlyCount "119"]
[EventDate "2021.10.15"]
[EventType "team-tourn"]
[EventRounds "3"]
[EventCountry "GER"]
[SourceTitle "EXT 2023"]
[Source "ChessBase"]
[SourceDate "2022.10.05"]
[SourceVersion "1"]
[SourceVersionDate "2022.10.05"]
[SourceQuality "1"]
[WhiteTeam "Bayern"]
[BlackTeam "Baden"]
[WhiteTeamCountry "GER"]
[BlackTeamCountry "GER"]

1. c4 Nf6 2. Nf3 e6 3. g3 Be7 4. Bg2 0-0 5. 0-0 d5 6. d4 Nbd7 7. Qc2 c5 8. Rd1 Re8 9. Nbd2 Bf8 10. e3 Rb8 11. a3 b6 12. b3 Bb7 13. Bb2 Rc8 14. Rac1 Qc7 15. cxd5 exd5 16. Bh3 Rcd8 17. dxc5 bxc5 18. b4 Ne4 19. Nxe4 dxe4 20. Nd2 Ne5 21. Bxe5 Rxe5 22. Bg2 Qe7 23. Nc4 Rxd1+ 24. Rxd1 Rd5 25. Rxd5 Bxd5 26. b5 Qb7 27. a4 a6 28. bxa6 Qxa6 29. Nd2 Bc6 30. Bxe4 Bxa4 31. Bxh7+ Kh8 32. Qf5 Be8 33. Qe5 Kxh7 34. Qxe8 Kg8 35. Qe4 Qe2 36. Nc4 g6 37. Qd5 Qa2 38. h4 Qa7 39. Kg2 Bg7 40. h5 gxh5 41. Qxh5 Qe7 42. Qd5 Bf8 43. Kf3 Qf6+ 44. Ke2 Qg6 45. Ne5 Qc2+ 46. Kf1 Qf5 47. g4 Qh7 48. g5 Qf5 49. g6 Kg7 50. gxf7 c4 51. Qd4 Qb1+ 52. Kg2 Qb7+ 53. f3 Qc8 54. Qxc4 Qxc4 55. Nxc4 Kxf7 56. f4 Ke6 57. Kf3 Bc5 58. e4 Bd4 59. Ne3 Ba1 60. f5+ 1-0

[Event "Oberliga Baden 1920"]
[Site "Baden"]
[Date "2020.02.09"]
[Round "6.4"]
[White "Weidemann, Joerg"]
[Black "Becker, Matthias1111"]
[Result "1-0"]
[WhiteElo "2277"]
[BlackElo "1950"]
[PlyCount "115"]
[EventDate "2019.09.29"]
[EventType "team-tourn"]
[EventRounds "9"]
[EventCountry "GER"]
[SourceTitle "CBM 195 Extra"]
[Source "ChessBase"]
[SourceDate "2020.05.31"]
[SourceVersion "1"]
[SourceVersionDate "2020.05.31"]
[SourceQuality "1"]
[WhiteTeam "Emmendingen II"]
[BlackTeam "Buchen"]
[WhiteTeamCountry "GER"]
[BlackTeamCountry "GER"]

1. e4 g6 2. Nc3 Bg7 3. f4 c6 4. Qf3 d5 5. exd5 Nf6 6. dxc6 Nxc6 7. Bb5 0-0 8. Bxc6 bxc6 9. Nge2 Bf5 10. d3 Nd5 11. Nxd5 cxd5 12. 0-0 d4 13. Ng3 Rc8 14. Nxf5 gxf5 15. Rf2 Qa5 16. a3 Rc7 17. Qd1 Rfc8 18. h3 Bf6 19. Kh2 Rc6 20. b3 Qc7 21. Ra2 Kh8 22. Qh5 e6 23. a4 Rg8 24. Re2 Rg6 25. g3 Rc3 26. Ba3 Qb7 27. Bd6 Rc8 28. Rg2 Qd5 29. Bb4 Kg7 30. Rf2 Rg8 31. Qf3 Qd8 32. Re2 Kh8 33. Be1 h5 34. Qxh5+ Kg7 35. Qf3 Rh8 36. Kg2 Rgh6 37. h4 Rg6 38. Kf1 Rg4 39. Bf2 Qa5 40. Be1 Qd8 41. a5 a6 42. Ra4 Kh6 43. Rc4 Rhg8 44. Qb7 R4g7 45. Rc7 Qf8 46. b4 Bd8 47. Rd7 Qe8 48. Bf2 Bf6 49. b5 axb5 50. a6 Kg6 51. Qxb5 Qa8 52. Qb7 Qxb7 53. axb7 Rb8 54. Re1 Rgg8 55. Rb1 e5 56. Rb6 Kg7 57. fxe5 Bxe5 58. Bxd4 1-0

[Event "Verbandsliga Suedbaden 1819"]
[Site "Baden"]
[Date "2019.01.13"]
[Round "4.4"]
[White "Weidemann, Joerg"]
[Black "Fien, Andreas"]
[Result "0-1"]
[WhiteElo "2277"]
[BlackElo "2090"]
[PlyCount "108"]
[EventDate "2018.10.14"]
[EventType "team-tourn"]
[EventRounds "9"]
[EventCountry "GER"]
[SourceTitle "EXT 2020"]
[Source "ChessBase"]
[SourceDate "2019.10.17"]
[SourceVersion "1"]
[SourceVersionDate "2019.10.17"]
[SourceQuality "1"]
[WhiteTeam "Emmendingen II"]
[BlackTeam "Lahr"]
[WhiteTeamCountry "GER"]
[BlackTeamCountry "GER"]

1. e4 e6 2. d4 d5 3. Qd3 Nf6 4. Nc3 Bb4 5. e5 Ne4 6. a3 Bxc3+ 7. bxc3 c5 8. Ne2 f5 9. h4 b6 10. Qb5+ Kf7 11. Bf4 cxd4 12. cxd4 Ba6 13. Qb2 Qc7 14. c4 dxc4 15. Rc1 Rc8 16. Rh3 Qd7 17. Rd1 Nc6 18. g4 c3 19. Nxc3 Bxf1 20. Kxf1 fxg4 21. Nxe4 gxh3 22. d5 Kg8 23. Ng5 Ne7 24. Qb1 g6 25. h5 Nxd5 26. hxg6 Rf8 27. Nxh3 Qa4 28. Bh6 Qg4 29. Rd3 Rf3 30. gxh7+ Kh8 31. Rxf3 Qxf3 32. Qg6 Ne3+ 33. Kg1 Qg4+ 34. Qxg4 Nxg4 35. Bf4 Kxh7 36. f3 Nh6 37. Ng5+ Kg6 38. Nxe6 Kf5 39. Bxh6 Kxe6 40. f4 Kf5 41. Kf2 Rc8 42. Ke3 Rc3+ 43. Kd4 Rxa3 44. Kd5 Rd3+ 45. Kc4 Rd7 46. Kb5 Rd5+ 47. Kc6 Ke6 48. Bg7 Ra5 49. Bf8 Ra4 50. Bh6 Rc4+ 51. Kb5 Rc5+ 52. Ka6 Ra5+ 53. Kb7 b5 54. Bf8 b4 0-1

[Event "Verbandsliga Suedbaden 1718"]
[Site "Baden"]
[Date "2018.03.11"]
[Round "7.1"]
[White "Weidemann, Joerg"]
[Black "Prill, Daniel"]
[Result "0-1"]
[WhiteElo "2280"]
[BlackElo "2230"]
[PlyCount "132"]
[EventDate "2017.10.08"]
[EventType "team-tourn"]
[EventRounds "9"]
[EventCountry "GER"]
[SourceTitle "EXT 2019"]
[Source "ChessBase"]
[SourceDate "2018.10.10"]
[SourceVersion "1"]
[SourceVersionDate "2018.10.10"]
[SourceQuality "1"]
[WhiteTeam "Emmendingen II"]
[BlackTeam "Heitersheim"]
[WhiteTeamCountry "GER"]
[BlackTeamCountry "GER"]

1. e4 c6 2. d4 d5 3. Nc3 dxe4 4. Nxe4 Nd7 5. Ng5 h6 6. Ne6 Qb6 7. Nxf8 Nxf8 8. c3 Bf5 9. Bc4 Nf6 10. Nf3 e6 11. 0-0 Ng6 12. Qe2 0-0 13. Ne5 Nxe5 14. Qxe5 Nd5 15. Re1 Rad8 16. a4 a5 17. Ra3 Rd7 18. Qg3 Kh8 19. Qf3 Qd8 20. h3 Bg6 21. g3 Kg8 22. Ra2 Qc7 23. h4 Rc8 24. Bf1 Qb6 25. Bh3 Qb3 26. Ra3 Qc2 27. Qe2 Kf8 28. Qe5 Re8 29. Ra1 Kg8 30. Bg4 Qb3 31. Qe2 Nf6 32. Bf3 Nd5 33. Kg2 Qb6 34. h5 Bh7 35. Rh1 Qd8 36. Rh4 Qf6 37. Bd2 e5 38. c4 Nb4 39. Bc3 Bd3 40. dxe5 Qxh4 41. gxh4 Bxe2 42. Bxe2 Nd3 43. Bg4 Rde7 44. e6 fxe6 45. Bxa5 Nxb2 46. Be2 Rd7 47. Bc3 Nd3 48. Bg4 Rf7 49. f3 e5 50. a5 e4 51. a6 bxa6 52. Rxa6 e3 53. Ra1 e2 54. Be1 c5 55. Kg3 Re3 56. Ra8+ Rf8 57. Ra3 Rfe8 58. Ra1 Ne5 59. Ra5 Kf8 60. Kg2 Nxg4 61. fxg4 R3e4 62. Rxc5 Rxg4+ 63. Kh2 Rf4 64. Ra5 Rf1 65. Ra1 Rd8 66. Bb4+ Kg8 0-1

[Event "Verbandsliga Suedbaden 1718"]
[Site "Baden"]
[Date "2017.10.08"]
[Round "1.3"]
[White "Weidemann, Joerg"]
[Black "Wiechert, Hans"]
[Result "1-0"]
[WhiteElo "2280"]
[BlackElo "2197"]
[PlyCount "79"]
[EventDate "2017.10.08"]
[EventType "team-tourn"]
[EventRounds "9"]
[EventCountry "GER"]
[SourceTitle "EXT 2019"]
[Source "ChessBase"]
[SourceDate "2018.10.10"]
[SourceVersion "1"]
[SourceVersionDate "2018.10.10"]
[SourceQuality "1"]
[WhiteTeam "Emmendingen II"]
[BlackTeam "Kuppenheim"]
[WhiteTeamCountry "GER"]
[BlackTeamCountry "GER"]

1. e4 c6 2. d4 d5 3. Nc3 dxe4 4. Nxe4 Bf5 5. Ng3 Bg6 6. h4 h6 7. Nf3 e6 8. Ne5 Bh7 9. Qh5 Qc7 10. Bc4 Nf6 11. Qe2 Bd6 12. 0-0 c5 13. Nxf7 Qxf7 14. Bxe6 Qe7 15. Re1 Kf8 16. dxc5 Bxc5 17. Bf4 Nc6 18. c3 Bd6 19. Bxd6 Qxd6 20. Rad1 Qc5 21. Qf3 Re8 22. b4 Qe7 23. Re3 Rd8 24. Rde1 Qe8 25. b5 Na5 26. a4 Rd2 27. Qf4 Qd8 28. Qb4+ Rd6 29. Rd1 Ne8 30. Rxd6 Nxd6 31. Qf4+ Ke7 32. Bf5+ Kf7 33. Bxh7+ Qf6 34. Qb4 Qd8 35. Rf3+ Ke8 36. Bg6+ Kd7 37. Rd3 Qc7 38. Qg4+ Ke7 39. Nf5+ Nxf5 40. Qxf5 1-0

[Event "Bodensee-Cup"]
[Site "Bregenz"]
[Date "2016.04.22"]
[Round "1.6"]
[White "Braeuning, Rudolf Wilhelm"]
[Black "Weidemann, Joerg"]
[Result "1-0"]
[WhiteElo "2336"]
[BlackElo "2291"]
[PlyCount "147"]
[EventDate "2016.04.22"]
[EventType "team-tourn"]
[EventRounds "3"]
[EventCountry "AUT"]
[SourceTitle "EXT 2018"]
[Source "ChessBase"]
[SourceDate "2017.10.13"]
[SourceVersion "1"]
[SourceVersionDate "2017.10.13"]
[SourceQuality "1"]
[WhiteTeam "Wuerttemberg"]
[BlackTeam "Baden"]
[WhiteTeamCountry "GER"]
[BlackTeamCountry "GER"]

1. e4 e6 2. d4 d5 3. Nd2 Be7 4. e5 c5 5. Qg4 Kf8 6. Nb3 cxd4 7. Nxd4 Nc6 8. Ngf3 h5 9. Qg3 h4 10. Qg4 Nh6 11. Bxh6 Rxh6 12. 0-0-0 Bd7 13. Bd3 Rc8 14. g3 Nxd4 15. Nxd4 Qb6 16. Kb1 Bc5 17. c3 Ba3 18. Nb3 Be7 19. Qd4 Qxd4 20. Nxd4 f5 21. exf6 gxf6 22. Rhe1 hxg3 23. hxg3 Kf7 24. Rd2 Rch8 25. Kc2 Rh1 26. Rxh1 Rxh1 27. Bb5 Bc8 28. Be2 a6 29. Bf3 Rh2 30. Be2 Bc5 31. f4 Rh3 32. g4 Re3 33. Bf1 Re4 34. Ne2 Be3 35. Bg2 Ra4 36. Kb3 Rc4 37. Rxd5 exd5 38. Bxd5+ Ke7 39. Kxc4 Ba7 40. f5 Kd6 41. Bf3 Bd7 42. Kd3 b5 43. Nf4 Be8 44. Bb7 a5 45. Ke4 Bf2 46. Nh3 Be1 47. g5 fxg5 48. Nxg5 Bd2 49. Nf3 Bc1 50. b3 Bb2 51. Kd3 a4 52. Kc2 a3 53. Be4 Bh5 54. Ne1 Be8 55. Nd3 Ba1 56. Nf2 Ke5 57. Bd3 Bd7 58. Nd1 b4 59. cxb4 Bd4 60. b5 Kd5 61. b4 Be5 62. Ne3+ Kd4 63. Nc4 Bf6 64. Nxa3 Be7 65. Nb1 Bxb4 66. a4 Bf8 67. Nd2 Kc5 68. Kb3 Kd4 69. Bc2 Be8 70. Nf3+ Ke3 71. Ng5 Be7 72. Ne6 Bd7 73. Kc4 Kd2 74. Be4 1-0

[Event "Oberliga Baden 1415"]
[Site "Baden"]
[Date "2015.04.12"]
[Round "9.2"]
[White "Riff, Jean Noel"]
[Black "Weidemann, Joerg"]
[Result "0-1"]
[WhiteElo "2510"]
[BlackElo "2274"]
[PlyCount "72"]
[EventDate "2014.09.21"]
[EventType "team-tourn"]
[EventRounds "9"]
[EventCountry "GER"]
[SourceTitle "EXT 2016"]
[Source "ChessBase"]
[SourceDate "2015.10.08"]
[SourceVersion "1"]
[SourceVersionDate "2015.10.08"]
[SourceQuality "1"]
[WhiteTeam "Baden-Baden III"]
[BlackTeam "Emmendingen"]
[WhiteTeamCountry "GER"]
[BlackTeamCountry "GER"]

1. e4 e6 2. d4 d5 3. Nc3 Nf6 4. e5 Nfd7 5. f4 c5 6. Nf3 Nc6 7. Be3 Be7 8. Qd2 0-0 9. a3 a6 10. Be2 b6 11. 0-0 Bb7 12. Nd1 f6 13. exf6 Nxf6 14. Nf2 Ne4 15. Qc1 Bf6 16. dxc5 bxc5 17. c3 Nxf2 18. Bxf2 Qe7 19. b4 d4 20. Bc4 cxb4 21. cxb4 Rac8 22. Ra2 Kh8 23. Rc2 e5 24. fxe5 Nxe5 25. Nxe5 Bxe5 26. Bd3 Qd6 27. Rxc8 Rxc8 28. Qg5 Bxh2+ 29. Kh1 Bf4 30. Qh5 Bh6 31. Bg1 Qg3 32. Qe2 Bf4 33. Rxf4 Qxf4 34. Qh5 h6 35. Qh3 Rc1 36. Qd7 Qh4+ 0-1

[Event "Oberliga Baden 1415"]
[Site "Baden"]
[Date "2015.02.22"]
[Round "7.3"]
[White "Weidemann, Joerg"]
[Black "Werner, Clemens"]
[Result "1/2-1/2"]
[WhiteElo "2283"]
[BlackElo "2355"]
[PlyCount "24"]
[EventDate "2014.09.21"]
[EventType "team-tourn"]
[EventRounds "9"]
[EventCountry "GER"]
[SourceTitle "EXT 2016"]
[Source "ChessBase"]
[SourceDate "2015.10.08"]
[SourceVersion "1"]
[SourceVersionDate "2015.10.08"]
[SourceQuality "1"]
[WhiteTeam "Emmendingen"]
[BlackTeam "Karlsruhe"]
[WhiteTeamCountry "GER"]
[BlackTeamCountry "GER"]

1. e4 e5 2. Nc3 Nc6 3. g3 Nf6 4. Bg2 Bc5 5. Nge2 0-0 6. d3 d6 7. Na4 Bb6 8. Nxb6 axb6 9. 0-0 d5 10. Bd2 Be6 11. f4 dxe4 12. dxe4 Bg4 1/2-1/2

[Event "Oberliga Baden 1415"]
[Site "Baden"]
[Date "2015.01.18"]
[Round "5.3"]
[White "Weidemann, Joerg"]
[Black "Eschbach, Dennis"]
[Result "0-1"]
[WhiteElo "2290"]
[BlackElo "2402"]
[PlyCount "66"]
[EventDate "2014.09.21"]
[EventType "team-tourn"]
[EventRounds "9"]
[EventCountry "GER"]
[SourceTitle "EXT 2016"]
[Source "ChessBase"]
[SourceDate "2015.10.08"]
[SourceVersion "1"]
[SourceVersionDate "2015.10.08"]
[SourceQuality "1"]
[WhiteTeam "Emmendingen"]
[BlackTeam "Waldshut Tiengen"]
[WhiteTeamCountry "GER"]
[BlackTeamCountry "GER"]

1. e4 e6 2. d4 d5 3. e5 c5 4. c3 Nc6 5. Nf3 Nge7 6. a3 Nf5 7. b4 cxd4 8. cxd4 Bd7 9. Bb2 b5 10. Nc3 a5 11. Nxb5 axb4 12. a4 Rc8 13. Bd3 Na5 14. 0-0 Nh4 15. Ne1 Be7 16. g3 Nf5 17. g4 Nh4 18. f4 Nc4 19. Bc1 Bxb5 20. axb5 Qb6 21. Bc2 0-0 22. Qd3 g6 23. Kh1 Na3 24. Bxa3 bxa3 25. f5 exf5 26. gxf5 Nxf5 27. Rxf5 gxf5 28. Qxf5 Qh6 29. b6 Rc3 30. Nf3 Kh8 31. b7 Qg6 32. Rb1 Rxc2 33. Qxg6 hxg6 0-1